000 00304nam a2200133Ia 4500
005 20251222155145.0
008 251222s9999||||xx |||||||||||||| ||spa||
082 _aENC. 02.10
100 _aHarper & Row
245 0 _aNeurology Psychiatry
250 _a1ra. ed.
264 _bHarper y Row
942 _cLIB
999 _c39332
_d39332